| 000 | 00525nam a22002051a 4500 | ||
|---|---|---|---|
| 001 | 2723 | ||
| 003 | OSt | ||
| 005 | 20260204211823.0 | ||
| 008 | 040322s1990||||dr ||||||b||||||||||spa|| | ||
| 050 | _aRD 865.44 B181m | ||
| 082 | _aRD 808.851 B181m | ||
| 100 | _aBalaguer, Joaquín | ||
| 245 | _aLa marcha hacia el capitolio / Joaquín Balaguer | ||
| 264 | _aSanto Domingo : Corripio | ||
| 300 | _ap. | ||
| 490 | _aTomo II | ||
| 500 | _aIncluye indice | ||
| 650 | _a1.Discursos Público 2.LiteraturaÌ | ||
| 942 |
_2ddc _cBK |
||
| 999 |
_c2723 _d2723 |
||